书目信息 |
| 题名: |
作物营养元素缺乏症与过剩症的诊断与对策
|
|
| 作者: | 渡边和彦 , 罗小勇 , 宋吉青 著 | |
| 分册: | ||
| 出版信息: | 北京 科学出版社 2017.2 |
|
| 页数: | 193页 | |
| 开本: | 24cm | |
| 丛书名: | ||
| 单 册: | ||
| 中图分类: | S432.3 | |
| 科图分类: | ||
| 主题词: | 作物--植物营养缺乏症--研究 | |
| 电子资源: | ||
| ISBN: | 978-7-03-047302-8 | |
| 000 | 01011nam0 2200253 450 | |
| 001 | 0400009224 | |
| 005 | 20171119150339.0 | |
| 010 | @a978-7-03-047302-8@b精装@dCNY128.00 | |
| 100 | @a20170427d2017 em y0chiy50 ea | |
| 101 | 1 | @achi@cjpn |
| 102 | @aCN@b110000 | |
| 105 | @aa z 001yy | |
| 106 | @ar | |
| 200 | 1 | @a作物营养元素缺乏症与过剩症的诊断与对策@Azuo wu ying yang yuan su que fa zheng yu guo sheng zheng de zhen duan yu dui ce@f(日)渡边和彦著@f罗小勇,宋吉青等编译 |
| 210 | @a北京@c科学出版社@d2017.2 | |
| 215 | @a193页@c图@d24cm | |
| 330 | @a本书共分四个部分。第一部分主要论述诊断的基本概念,第二部分阐述诊断的顺序与方法,第三部分为各元素的缺乏症与过剩症及快速营养诊断方法,第四部分为各元素缺乏症与过剩症的彩图及说明。 | |
| 606 | 0 | @a作物@x植物营养缺乏症@x研究 |
| 690 | @aS432.3@v5 | |
| 701 | 0 | @c(日)@a渡边和彦@Adu bian he yan@4著 |
| 701 | 0 | @a罗小勇@Aluo xiao yong@4编译 |
| 701 | 0 | @a宋吉青@Asong ji qing@4编译 |
| 801 | 0 | @aCN@b上海新华@c20171119 |
| 905 | @b1028728-30@dS432.3@e133@f3 | |
| 作物营养元素缺乏症与过剩症的诊断与对策/(日)渡边和彦著/罗小勇,宋吉青等编译.-北京:科学出版社,2017.2 |
| 193页:图;24cm |
| ISBN 978-7-03-047302-8(精装):CNY128.00 |
| 本书共分四个部分。第一部分主要论述诊断的基本概念,第二部分阐述诊断的顺序与方法,第三部分为各元素的缺乏症与过剩症及快速营养诊断方法,第四部分为各元素缺乏症与过剩症的彩图及说明。 |
| ● |
| 相关链接 |
|
|
|
|
正题名:作物营养元素缺乏症与过剩症的诊断与对策
索取号:S432.3/133
 
预约/预借
| 序号 | 登录号 | 条形码 | 馆藏地/架位号 | 状态 | 备注 |
| 1 | 1028728 | 210287287 | 第二样本阅览室/ [索取号:S432.3/133] | 在馆 | |
| 2 | 1028729 | 210287296 | 密集书库-生命科学系/ [索取号:S432.3/133] | 在馆 | |
| 3 | 1028730 | 210287303 | 第三借阅区/ [索取号:S432.3/133] | 在馆 |